000 00855nac a22002291u 4500
010 _a 2006272506
020 _a0750667567 (pbk.)
082 0 0 _a621.36
_bC8687
090 _c2480
_d2480
100 _aCrisp, John.
245 1 0 _aIntroduction to fiber optics /
_cJohn Crisp, Barry Elliott.
250 _a3rd ed.
260 _aAmsterdam ;
_aBoston :
_bNewnes,2005
_c2005
300 _a246 p. :
_bill. ;
_c24 cm.
504 _aIncludes bibliographical references (p. 224).
650 0 _aFiber optic cables.
650 0 _aFiber optics.
700 1 _aElliott, Barry J.
856 4 2 _3Publisher description
_uhttp://www.loc.gov/catdir/enhancements/fy0632/2006272506-d.html
942 _cBB
_k621.36C8687
999 _c2480
_d2480